[Event "HUN-chT2 Toth 1011"]
[Site "Hungary"]
[Date "2011.04.17"]
[Round "9.1"]
[White "Kallai, Gabor"]
[Black "Karsai, Istvan"]
[Result "1-0"]
[WhiteElo "2460"]
[BlackElo "2144"]
[PlyCount "89"]
[EventDate "2010.09.12"]
[EventType "team-tourn"]
[EventRounds "11"]
[EventCountry "HUN"]
[SourceTitle "EXT 2012"]
[Source "ChessBase"]
[SourceDate "2011.11.24"]
[SourceVersion "1"]
[SourceVersionDate "2011.11.24"]
[SourceQuality "1"]
[WhiteTeam "Roszke"]
[BlackTeam "Csongrad Felegyhaza"]
[WhiteTeamCountry "HUN"]
[BlackTeamCountry "HUN"]

1. c4 e5 2. Nc3 Nf6 3. g3 Bb4 4. Bg2 0-0 5. Nf3 Re8 6. 0-0 Nc6 7. Nd5 e4 8. Ne1 Bf8 9. d3 Nxd5 10. cxd5 exd3 11. e4 d2 12. Bxd2 Ne5 13. Bc3 c6 14. Kh1 d6 15. f4 Ng4 16. Nc2 c5 17. h3 Nh6 18. a4 b6 19. Qf3 Bd7 20. g4 Nxg4 21. hxg4 Qh4+ 22. Bh3 Rxe4 23. Rae1 Rae8 24. Rxe4 Rxe4 25. f5 Rxa4 26. Ne3 Bb5 27. Ng2 Qh6 28. Rf2 Qc1+ 29. Kh2 Qb1 30. g5 Bd3 31. f6 Be4 32. Qe2 g6 33. Rf1 Qd3 34. Qxd3 Bxd3 35. Rd1 Be4 36. Bd7 Ra2 37. Bb5 Bc2 38. Re1 Bb3 39. Ne3 h6 40. Bc6 a6 41. Ng4 hxg5 42. Re8 b5 43. Nh6+ Kh7 44. Rxf8 b4 45. Nxf7 1-0

[Event "HUN-chT2 Toth 1011"]
[Site "Hungary"]
[Date "2010.09.26"]
[Round "2.1"]
[White "Kun, Imre"]
[Black "Kallai, Gabor"]
[Result "0-1"]
[WhiteElo "1987"]
[BlackElo "2460"]
[PlyCount "70"]
[EventDate "2010.09.12"]
[EventType "team-tourn"]
[EventRounds "11"]
[EventCountry "HUN"]
[SourceTitle "EXT 2012"]
[Source "ChessBase"]
[SourceDate "2011.11.24"]
[SourceVersion "1"]
[SourceVersionDate "2011.11.24"]
[SourceQuality "1"]
[WhiteTeam "Nadudvar"]
[BlackTeam "Roszke"]
[WhiteTeamCountry "HUN"]
[BlackTeamCountry "HUN"]

1. d4 Nf6 2. c4 c5 3. e3 g6 4. Nc3 Bg7 5. Nf3 0-0 6. Be2 cxd4 7. exd4 d5 8. cxd5 Nxd5 9. 0-0 Nc6 10. Qb3 Nxc3 11. bxc3 b6 12. Bf4 Be6 13. Qd1 Na5 14. Qa4 Qd5 15. Nd2 Rac8 16. Rfc1 Bd7 17. Qd1 Bc6 18. Bf3 Qd7 19. Qe2 e6 20. Qe3 Rfe8 21. Re1 Bd5 22. h4 Nc4 23. Nxc4 Rxc4 24. h5 Rec8 25. Rac1 Qc6 26. Bxd5 Qxd5 27. hxg6 hxg6 28. Qh3 Ra4 29. Rcd1 Qf5 30. Qe3 Rxa2 31. Ra1 Rxa1 32. Rxa1 a5 33. f3 Qd5 34. Re1 Rxc3 35. Qe2 Qxd4+ 0-1